000 01435nam a22004337a 4500
001 BR7100951
003 BR-BrBNA
005 20230928083720.0
007 ta
008 230509b bl.||||| |||| 00| 0 por d
040 _aBR-BrBNA
_bpor
_cBiblioteca Nacional de Agricultura
041 _a(Spa)
072 _aQ10; E30; L00
_b5300
_b9704
_b/G358
090 _ 5300 BR7100951
100 1 _aLainez, V.E.
100 1 _aDuarte, G.O.
100 1 _aGaleas, J.H.
100 1 _aLanza, A.R.
100 1 _aCarcamo, S.R.
100 1 _aTejada, O.C.
110 1 _aCentro de Treinamento em Desenvolvimento Economico, Fortaleza, CE (Brasil)
_91678
245 1 _aProyecto procesamiento del cerdo [suino, desenvolvimento industrial, mercado, Tegucigalpa, Honduras]
_b1. Curso Nacional de Elaboracao e Avaliacao de Projetos
260 3 _aFortaleza, CE (Brasil):
_c[nd].
300 _a134 p.
500 _aSummary (Spa); 24 tables; Published 1970? (*) Documento disponível na(o) Centro de Treinamento em Desenvolvimento Economico, Fortaleza, CE (Brazil)
650 _aPROJETO INDUSTRIAL
650 _aINDUSTRIA ALIMENTICIA
650 _aSUINO
650 _aMORTADELA
650 _aSALSICHA
650 _aMERCADO
650 _aCOMERCIALIZACAO
650 _aMECANIZACAO INDUSTRIAL
650 _aCUSTO DE PRODUCAO
650 _aFINANCIAMENTO
650 _aHONDURAS
909 _a202309
_bLucia
_c55
_dLucia Elande
942 _cBK
999 _c14918
_d14918